书目信息 |
| 题名: |
人物志
|
|
| 作者: | 郭超 , 朱熹 , 章梫 | |
| 分册: | 第八卷 | |
| 出版信息: | 北京 蓝天出版社 1998 |
|
| 页数: | 115页 | |
| 开本: | 19cm | |
| 丛书名: | 传世名著百部 | |
| 单 册: | ||
| 中图分类: | C960 , D092.2 , Z227 | |
| 科图分类: | ||
| 主题词: | 人才学--中国--三国时代 , 政治思想--中国--古代 , 百科全书--中国 | |
| 电子资源: | ||
| ISBN: | 7-80081-834-9 | |
| 000 | 00986oam2 2200337 450 | |
| 001 | 1560120593 | |
| 005 | 20151110135410.46 | |
| 010 | @a7-80081-834-9@dCNY15.60 | |
| 100 | @a20021005d1998 emky0chiy50 ea | |
| 101 | 0 | @achi |
| 102 | @aCN@b110000 | |
| 105 | @ay z 000yy | |
| 200 | 1 | @a人物志@Aren wu zhi@c政训@c康熙政要@h第八卷@f郭超@Fguo chao@f(南宋)朱熹著@f(清)章梫著 |
| 210 | @a北京@c蓝天出版社@d1998 | |
| 215 | @a115页@d19cm | |
| 225 | 2 | @a传世名著百部@v8@i权谋名著 |
| 461 | 0 | @12001 @a传世名著百部 |
| 517 | 1 | @a政训@9zheng xun |
| 517 | 1 | @a康熙政要@9kang xi zheng yao |
| 600 | 0 | @a康熙帝@f(1654-1722)@x生平事迹 |
| 606 | 0 | @a人才学@y中国@z三国时代 |
| 606 | 0 | @a政治思想@y中国@z古代 |
| 606 | 0 | @a百科全书@x中国 |
| 690 | @aC960@v5 | |
| 690 | @aD092.2@v5 | |
| 690 | @aZ227@v4 | |
| 701 | 0 | @a郭超@Aguo chao |
| 701 | 0 | @c(宋)@a朱熹@Azhu xi@f(1130~1200)@4著 |
| 701 | 0 | @a章梫@Azhang cen@4著 |
| 801 | 0 | @aCN@bTSSF@c20150117 |
| 905 | @aZUCC@dZ227@eJY6:8 | |
| 人物志.政训.康熙政要.第八卷/郭超/(南宋)朱熹著/(清)章梫著.-北京:蓝天出版社,1998 |
| 115页;19cm.-(传世名著百部;8.权谋名著) |
| ISBN 7-80081-834-9:CNY15.60 |
| ● |
| 相关链接 |
|
|
|
|
正题名:人物志
索取号:Z227/JY6:8
 
预约/预借
| 序号 | 登录号 | 条形码 | 馆藏地/架位号 | 状态 | 备注 |
| 1 | 7852899 | 278528997 | 学院路分馆/ [索取号:Z227/JY6:8] | 在馆 | |
| 2 | 7852900 | 278529004 | 学院路分馆/ [索取号:Z227/JY6:8] | 在馆 | |
| 3 | 7852901 | 278529013 | 学院路分馆/ [索取号:Z227/JY6:8] | 在馆 |